00840nam a22002177a 4500999001700000003000900017008004100026040007100067082002500138100003500163245002800198260003100226300006000257505010800317650002900425650001900454650002100473942001600494945000800510952010400518 c20935d20935AR-CdUCM190408b ||||| |||| 00| 0 spa d aMUNICIPALIDAD PROVINCIAL DEL CUSCOcBIBLIOTECA MUNICIPAL DEL CUSCO aEP / 808.831 /bSO71 aSoto Medrano, Rómulo Avenol  aCuento para niños 1 / aAyacucho :bAmandi,c1997. a88 paginas ;bIlustraciones, Graficos, Dibujos,c22 cm. aContenido : Aprender a leer y escribir -- Asamblea -- La laguna encantada -- El recuerdo del ausente... aCuentos infantiles93927 aLiteratura983 aEducación9460 2ddccLIBROS arcc 002ddc4070aSIbSIcCHILDd2019-06-12g25.00oEP / 808.831 / SO71pSI00004611r2019-06-12yLIBROS